000 01089cam a2200313 a 4500
001 4482645
003 ARRUPE
005 20140204141939.0
008 940421s1994 mau 000 0 eng
010 _a93043184
020 _a156101088X (Cowley : alk. paper)
020 _a1563380854 (Trinity : alk. paper)
035 _a(OCoLC)29386454
035 _a(OCoLC)ocm29386454
035 _a(NNC)4482645
040 _aDLC
_cDLC
_dNNUT
050 0 0 _aBS480
_b.C66 1994
090 _aBS480
_b.C66 1994
100 1 _aCountryman, Louis William,
_d1941-
_97837
245 1 0 _aBiblical authority or biblical tyranny :
_bscripture and the Christian pilgrimage /
_cby L. William Countryman.
250 _aRev. ed.
260 _aValley Forge, Pa. :
_bTrinity Press International ;
_aCambridge, Mass. :
_bCowley Publications,
_cc1994.
300 _axi, 125 p. ;
_c22 cm.
630 0 0 _aBible
_xEvidences, authority, etc.
_97838
630 0 0 _aBible
_xCriticism, interpretation, etc.
_97839
650 0 _aFundamentalism
_vControversial literature.
_97840
942 _2lcc
_cMONOGRAPH
999 _c119912
_d119912